000 00443nam a2200157Ia 4500
008 210716s2011 xx 000 0 und d
020 _a9780070472426
041 _aeng
082 _a658.4038 LUCH
100 _aLucas, Henry C.
245 _aInformation technology for management.
250 _a7
260 _aNew Delhi
_bTata McGraw Hill Education Private Limited
_c2011
300 _axxii,730
650 _aManagement Information Systems
999 _c207628
_d207628